Autobahnausfahrten an der BAB 8 - Statistiken

Allgemein
  • Dieses Quiz wurde 74 mal gespielt
    27 seit der letzten Aktualisierung
  • Das Durchschnittsergebnis liegt bei 33 aus 110
Antwortstatistiken
Ausfahrt Name % Korrekt
65 Kreuz Ulm/Elchingen
74%
102 Rosenheim
68%
73 Augsburg-Ost
63%
72 Augsburg-West
63%
112 Traunstein/Siegsdorf
58%
54 Esslingen/Neuhausen
53%
67 Günzburg
53%
61 Merklingen
53%
78 Dachau/Fürstenfeldbruck
47%
54 Esslingen
47%
44 Pforzheim-Nord
47%
45a Pforzheim-Ost
47%
53a Stuttgart-Flughafen/Messe
47%
62 Ulm-West
47%
75 Adelzhausen
42%
115 Bad Reichenhall
42%
106 Bernau
42%
41 Dreieck Karlsruhe
42%
74a Friedberg
42%
97 Holzkirchen
42%
51 Kreuz Stuttgart
42%
59 Mühlhausen
42%
76 Odelzhausen
42%
63 Ulm-Ost
42%
58 Aichelberg
37%
100a Bad Aibling
37%
74b Dasing
37%
101 Dreieck Inntal
37%
32 Zweibrücken
37%
49 Dreieck Leonberg
37%
95 Kreuz München-Süd
37%
81 Kreuz München-West
37%
45b Pforzheim-Süd
37%
43 Pforzheim-West
37%
62 Ulm-Nord
37%
21 Elversberg
32%
99 Irschenberg
32%
17 Kreuz Saarbrücken
32%
6 Merzig
32%
23 Neunkirchen/Spiesen
32%
2 Perl
32%
77 Sulzemoos
32%
108 Übersee
32%
55 Wendlingen
32%
71a Adelsried
26%
110 Bergen
26%
69 Burgau
26%
34 Contwig
26%
10 Dillingen-Süd
26%
20 Dreieck Friedrichsthal
26%
9 Dreieck Saarlouis
26%
30 Einöd
26%
19 Friedrichsthal-Bildstock
26%
60 Hohenstadt
26%
42 Karlsbad
26%
27 Kreuz Neunkirchen
26%
50 Leonberg-Ost
26%
28 Limbach
26%
26 Neunkirchen-Kohlhof
26%
24 Neunkirchen-Oberstadt
26%
25 Neunkirchen-Wellesweiler
26%
71b Neusäss
26%
103 Rohrdorf
26%
52b Stuttgart-Degerloch
26%
98 Weyarn
26%
70 Zusmarshausen
26%
33 Zweibrücken-Ixheim
26%
114 Anger
21%
8 Dillingen-Mitte
21%
105 Frasdorf
21%
109 Grabenstätt
21%
46 Heimsheim
21%
16 Heusweiler
21%
96 Hofoldinger Forst
21%
57 Kirchheim unter Teck-Ost
21%
56 Kirchheim unter Teck-West
21%
66 Leipheim
21%
48 Leonberg-West
21%
18 Merchweiler
21%
80 München-Langwied
21%
82 München-Obermenzing
21%
92a München-Perlach
21%
91 München-Ramersdorf
21%
92b Neubiberg
21%
22 Neunkirchen-Heinitz
21%
64 Oberelchingen
21%
7 Rehlingen
21%
14 Schwalbach
21%
15 Schwalbach/Schwarzenholz
21%
111 Siegsdorf-West
21%
52a Stuttgart-Möhringen
21%
35 Walshausen
21%
31 Zweibrücken-Ernstweiler
21%
104 Achenmühle
16%
79 Dreieck München-Eschenried
16%
23 Dreieck Neunkirchen/Spiesen
16%
107 Felden
16%
5 Merzig-Schwemlingen
16%
4 Merzig-Wellingen
16%
12 Nalbach
16%
113 Neukirchen
16%
3 Perl-Borg
16%
36 Pirmasens-Winzeln
16%
100b Rosenheim-West
16%
47 Rutesheim
16%
11 Saarlouis-Steinrausch
16%
13 Saarwellingen
16%
53b Stuttgart-Plieningen
16%
94 Taufkirchen-Ost
16%
93 Unterhaching-Ost
16%
Keine übereinstimmenden Quizze gefunden
Verteilung der Resultate
Anzahl Personen mit jedem Resultat
Perzentil nach korrekt beantworteten Fragen
Ihre Resultats-Entwicklung
Sie haben dieses Quiz seit der letzten Aktualisierung nicht gespielt